01516nam a22001457a 4500020001800000082001500018245007800033260004900111300001600160520110100176546001201277650002801289700002801317700002501345 a9781107533158 a340.1bMEA aMeaning and Power in the Language of Law/cJanny Hc Leuna and Alan Durant aCambridge:bCambridge University Pressc2018 axiii, 330p. aThis volume explores the intersection of law and language, known as "forensic linguistics," by examining the challenges presented by language in formulating, interpreting, and applying laws. The field brings together legal practitioners, linguists, anthropologists, and philosophers to investigate topics such as legal drafting and translation, statutory interpretation, expert evidence on language use, and the dynamics of courtroom interaction. The chapters, written by international experts in their fields, showcase recent directions in research and offer insights into how law expresses and conceals power relations through its use of language. The studies presented examine different legal jurisdictions and socio-political contexts, as well as the more abstract notion of law. The volume highlights the interlocking nature of these studies, showcasing the complex and multifaceted relationship between language and law. Ultimately, the book offers a comprehensive understanding of how language operates within the legal system, and how it shapes and is shaped by power dynamics in society. aEnglish a vLaw- Language.xLaw. aLeung, Janny HCeEditor aDurant, AlaneEditor